[Event "Lugano op"]
[Site "Lugano"]
[Date "1989.??.??"]
[Round "8"]
[White "Boensch, Uwe"]
[Black "Seirawan, Yasser"]
[Result "1/2-1/2"]
[WhiteElo "2490"]
[BlackElo "2610"]

1.d4 d6 2.Nf3 g6 3.c4 Bg7 4.e4 e5 5.Be2 Nc6 6.Be3 Nh6 7.d5 Ne7 8.Nfd2 f5
9.f3 Nf7 10.Nc3 O-O 11.c5 Bh6 12.Bf2 c6 13.Nc4 cxd5 14.exd5 dxc5 15.Bxc5 b6
16.Ba3 Bd7 17.Qb3 Kh8 18.Rd1 Re8 19.Nb5 Bxb5 20.Qxb5 Ng8 21.d6 Nf6 22.O-O Qd7
23.Qxd7 Nxd7 24.b3 b5 25.Na5 a6 26.g4 Kg7 27.Bc1 Re6 28.Bxh6+ Kxh6 29.Rd2 Rb8
30.Rc1 Rxd6 31.Rxd6 Nxd6 32.Rc7 Nf6 33.h4 g5 34.Rc6 Nfe8 35.h5 fxg4 36.fxg4 Rc8
37.Rxa6 Rc1+ 38.Kf2 Kg7 39.Ke3 Rc3+ 40.Kd2 Ne4+ 41.Kd1 N8d6 42.Rc6 Kf7 43.Rxc3 Nxc3+
44.Kd2 Nxa2 45.Nc6 e4 46.Ke3 Nc3 47.Bf1 Ke6 48.Kd4 Nb1 49.Be2 Nd2 50.Bd1 Nf3+
51.Kc5 Ne1 52.Nd4+ Ke5 53.Nc6+ Ke6 54.Nd4+ Kd7 55.Kd5 Nd3 56.Nc2 h6 57.Ne3 Ke7
58.Bc2 Nb4+ 59.Ke5 Nd3+ 60.Kd5 Kd7 61.Bb1 Ke7 62.Bc2 Nf2 63.Ke5 b4 64.Kd5 Nb5
65.Ke5 Nc3 66.Nf5+ Kf8 67.Ne3 Kf7 68.Kf5 Ne2 69.Ke5 Nc3 70.Kf5 Ne2 71.Ke5 Nc1
72.Bxe4 Nxe4 73.Kxe4 Nxb3 74.Nf5 Nc5+ 75.Kd4 Nd7 76.Nxh6+  1/2-1/2

[Event "Lugano op"]
[Site "Lugano"]
[Date "1989.??.??"]
[Round "9"]
[White "Seirawan, Yasser"]
[Black "Torre, Eugenio"]
[Result "1/2-1/2"]
[WhiteElo "2610"]
[BlackElo "2565"]

1.d4 d5 2.c4 c6 3.cxd5 cxd5 4.Nc3 Nf6 5.Nf3 Nc6 6.Bf4 Bf5 7.e3 e6 8.Bd3 Bxd3
9.Qxd3 Be7 10.O-O O-O 11.Rac1  1/2-1/2

[Event "New York op"]
[Site "New York"]
[Date "1989.??.??"]
[Round "1"]
[White "Seirawan, Yasser"]
[Black "Zapata, Alonso"]
[Result "1-0"]
[WhiteElo "2610"]
[BlackElo "2490"]

1.d4 Nf6 2.c4 d6 3.Nc3 Nbd7 4.e4 e5 5.d5 Nc5 6.f3 a5 7.Be3 Be7 8.Nge2 h6
9.Nc1 O-O 10.Nd3 Nfd7 11.Bf2 g6 12.h4 f5 13.Qd2 Kg7 14.exf5 gxf5 15.O-O-O b6
16.g4 fxg4 17.Be3 Rxf3 18.Bxh6+ Kh8 19.Be3 Nf6 20.Bxc5 bxc5 21.Be2 Rf5 22.Qh6+ Nh7
23.Bxg4 Bf8 24.Qe3 Rf6 25.Qe4 Bh6+ 26.Kc2 Qf8 27.Rdg1 Qf7 28.Be6 Qf8 29.Rg6 Bxe6
30.dxe6 Rxg6 31.Qxg6 Qf6 32.Qxf6+ Nxf6 33.Nd5 Ne8 34.Rf1 c6 35.Ne7 Nc7 36.Nxc6 Ra6
37.Nd8  1-0

[Event "New York op"]
[Site "New York"]
[Date "1989.??.??"]
[Round "3"]
[White "Seirawan, Yasser"]
[Black "London, Dimitri"]
[Result "1-0"]
[WhiteElo "2610"]
[BlackElo "2380"]

1.c4 Nf6 2.Nc3 d5 3.cxd5 Nxd5 4.g3 g6 5.Bg2 Nb6 6.d3 Bg7 7.Be3 Nc6 8.Bxc6+ bxc6
9.Qc1 c5 10.Bxc5 Bb7 11.f3 Qd7 12.h4 Be5 13.Kf2 O-O-O 14.Nh3 h6 15.a4 Qf5
16.Qe3 g5 17.g4 Qf6 18.hxg5 hxg5 19.Qxg5 Bd4+ 20.Bxd4 Qxd4+ 21.Qe3 Qf6 22.Ng5 Rdg8
23.Nge4 Qe5 24.Ng3 Qf6 25.Nge4 Qe5 26.Qc5 Qf4 27.Qf5+ Qxf5 28.gxf5 a5 29.Nc5 Bc6
30.Rag1 Kb8 31.Rxg8+ Rxg8 32.Rh7 Rf8 33.e4 Ka7 34.b3 Nc8 35.Rh6  1-0

[Event "New York op"]
[Site "New York"]
[Date "1989.??.??"]
[Round "4"]
[White "Benjamin, Joel"]
[Black "Seirawan, Yasser"]
[Result "1/2-1/2"]
[WhiteElo "2545"]
[BlackElo "2610"]

1.e4 e5 2.Nf3 Nf6 3.Nxe5 d6 4.Nf3 Nxe4 5.c4 Nc6 6.Be2 Be7 7.O-O Be6 8.Nc3 Nxc3
9.bxc3 O-O 10.Rb1 b6 11.d3 Bf6 12.Qc2 d5 13.Nd2 Qd7  1/2-1/2

[Event "New York op"]
[Site "New York"]
[Date "1989.??.??"]
[Round "5"]
[White "Seirawan, Yasser"]
[Black "Dzindzichashvili, Roman"]
[Result "0-1"]
[WhiteElo "2610"]
[BlackElo "2540"]

1.d4 Nf6 2.c4 e6 3.Nf3 b6 4.Nc3 Bb7 5.Bg5 Bb4 6.Qb3 c5 7.a3 Ba5 8.e3 h6 9.Bh4 O-O
10.Be2 cxd4 11.Nxd4 Bxc3+ 12.Qxc3 Ne4 13.Bxd8 Nxc3 14.Be7 Nxe2 15.Kxe2 Rc8
16.Rhc1 Nc6 17.Nxc6 Rxc6 18.b3 Rac8 19.Kd2 f6 20.Bb4 a5 21.Bc3 a4 22.bxa4 Rxc4
23.Bd4 Bxg2 24.Bxb6 Be4 25.a5 Rc2+ 26.Rxc2 Rxc2+ 27.Ke1 Bd3 28.Rd1 Re2+ 29.Kf1 Rxe3+
30.Kg1 Be2 31.fxe3 Bxd1 32.Kf2 Kf7 33.a6 Ba4 34.Bc5 Bc6 35.Ke1 h5 36.Kd2 g5
37.a7 e5 38.Kd3 Ke6 39.e4 d5 40.exd5+ Bxd5 41.Bb6 g4 42.Bf2 f5 43.a4 f4 44.a5 Ba8
45.Kc4 Kf5 46.Kd3 e4+ 47.Kd4 Kg5  0-1

[Event "New York op"]
[Site "New York"]
[Date "1989.??.??"]
[Round "9"]
[White "Gheorghiu, Florin"]
[Black "Seirawan, Yasser"]
[Result "1/2-1/2"]
[WhiteElo "2515"]
[BlackElo "2610"]

1.d4 Nf6 2.c4 e6 3.Nf3 b6 4.g3 Bb4+ 5.Bd2 c5 6.Bg2 Bb7 7.O-O Bxd2 8.Qxd2 cxd4
9.Qxd4 Nc6 10.Qf4 Qb8 11.Qg5 O-O 12.Nc3 h6 13.Qd2 Ne7 14.Rfd1 d5 15.cxd5 Nexd5  1/2-1/2

[Event "Novi Sad op"]
[Site "Novi Sad"]
[Date "1989.??.??"]
[Round "2"]
[White "Tesic, Dragan"]
[Black "Seirawan, Yvette"]
[Result "1-0"]
[WhiteElo "2335"]
[BlackElo "2085"]

1.d4 Nf6 2.c4 e6 3.Nf3 b6 4.g3 Bb7 5.Bg2 c5 6.d5 exd5 7.Nh4 g6 8.Nc3 Bg7
9.O-O O-O 10.cxd5 d6 11.e4 Re8 12.Bg5 a6 13.Qd2 b5 14.Rae1 Nbd7 15.h3 Qb6
16.Bh6 Bh8 17.Kh2 c4 18.f4 Nc5 19.e5 b4 20.exf6 bxc3 21.Qxc3 Qb5 22.f5 Rxe1
23.Rxe1 Nd3 24.a4 Qxb2 25.Qxb2 Nxb2 26.Re7 Rb8 27.fxg6 hxg6 28.Bg5 c3 29.Be4 c2
30.Bxc2 Bxd5 31.Nxg6 Nc4 32.Nxh8 Kxh8 33.Bf4 Be6 34.g4 Ne5 35.Bxe5 dxe5 36.g5  1-0

[Event "Novi Sad op"]
[Site "Novi Sad"]
[Date "1989.??.??"]
[Round "3"]
[White "Seirawan, Yvette"]
[Black "Vujmilovic, Nenad"]
[Result "0-1"]
[WhiteElo "2085"]
[BlackElo "2220"]

1.e4 e5 2.Nf3 Nc6 3.d4 exd4 4.Bc4 Nf6 5.e5 d5 6.Bb5 Ne4 7.Nxd4 Bd7 8.Bxc6 bxc6
9.O-O Bc5 10.Be3 O-O 11.f3 Ng5 12.Nc3 f6 13.Bxg5 fxg5 14.Kh1 Qe7 15.Re1 Rab8
16.Nb3 Bb6 17.Qe2 g4 18.fxg4 Rf4 19.e6 Bc8 20.Rad1 Bb7 21.Nc1 Rf2 22.Qe5 Re8
23.Nd3 Rxc2 24.g5 d4 25.Nf4 Qc5 26.Qe4 Qxg5 27.Qxc2 Qxf4 28.Qe4 Qxe4 29.Nxe4 Rxe6
30.Ng5 Rxe1+ 31.Rxe1 g6 32.Ne6 c5 33.Nxc7 d3 34.Nb5 Bc6 35.Nc3 Kf7 36.Kg1 c4+
37.Kf1 Bd4 38.Rd1 Ke6 39.Rd2 Be3 40.Rd1 Ke5 41.a4 a6 42.Re1 Kd4 43.Nd1 Bc1  0-1

[Event "Novi Sad op"]
[Site "Novi Sad"]
[Date "1989.??.??"]
[Round "6"]
[White "Licina, Zoran"]
[Black "Seirawan, Yvette"]
[Result "1-0"]
[WhiteElo "2250"]
[BlackElo "2085"]

1.e4 c5 2.Nf3 e6 3.Nc3 d5 4.exd5 exd5 5.d4 c4 6.g3 Nf6 7.Bg2 Be7 8.O-O O-O
9.h3 Nc6 10.Ne5 Be6 11.g4 Ne8 12.Be3 Nc7 13.f4 f6 14.Nxc4 dxc4 15.d5 Bd7
16.dxc6 Bxc6 17.Bxc6 bxc6 18.Qe2 Nd5 19.Qxc4 Kh8 20.Nxd5 cxd5 21.Qd3 Qa5
22.c3 Bc5 23.Bxc5 Qxc5+ 24.Qd4 Qxd4+ 25.cxd4 h5 26.Rfe1 Rab8 27.b3 hxg4 28.hxg4 Rf7
29.Kf2 Rb4 30.Re8+ Kh7 31.Rh1+ Kg6 32.f5+ Kg5 33.Kf3  1-0

[Event "Novi Sad op"]
[Site "Novi Sad"]
[Date "1989.??.??"]
[Round "7"]
[White "Seirawan, Yvette"]
[Black "Parezanin, Darko"]
[Result "1-0"]
[WhiteElo "2085"]
[BlackElo "2255"]

1.e4 c5 2.c3 Nf6 3.e5 Nd5 4.d4 cxd4 5.cxd4 e6 6.Nf3 b6 7.Bd3 Bb7 8.O-O f5
9.exf6 Nxf6 10.Bg5 Be7 11.Ne5 O-O 12.Bxf6 Rxf6 13.Qh5 g6 14.Qe2 Nc6 15.Nxc6 Bxc6
16.Nc3 Rf4 17.d5 exd5 18.Qe5 Qf8 19.Nxd5 Bc5 20.Nxf4  1-0

[Event "World op 5'"]
[Site "Philadelphia"]
[Date "1989.??.??"]
[Round "?"]
[White "Seirawan, Yasser"]
[Black "Dlugy, Maxim"]
[Result "1-0"]
[WhiteElo "2610"]
[BlackElo "2570"]

1.c4 c5 2.g3 Nf6 3.Bg2 d5 4.cxd5 Nxd5 5.Nc3 Nc7 6.Qb3 Nc6 7.Bxc6+ bxc6 8.Nf3 f6
9.Qa4 Qd7 10.d3 e5 11.Be3 Nb5 12.Rc1 Nd4 13.O-O h5 14.h4 g5 15.Bxd4 cxd4
16.Ne4 Be7 17.Qxc6 Qxc6 18.Rxc6 Bb7 19.Nxf6+ Kd8 20.Re6 Bc8 21.Nxg5 Bxe6
22.Nxe6+ Kc8 23.Rc1+ Kb8 24.Nd7+ Kb7 25.Rc7+ Ka6 26.Nxe5  1-0

[Event "San Mateo rapid"]
[Site "San Mateo"]
[Date "1989.??.??"]
[Round "?"]
[White "Fedorowicz, John P"]
[Black "Seirawan, Yasser"]
[Result "0-1"]
[WhiteElo "2505"]
[BlackElo "2610"]

1.e4 d6 2.d4 g6 3.c4 Bg7 4.Nc3 Nc6 5.Be3 e5 6.d5 Nce7 7.g4 f5 8.f3 Bh6 9.g5 Bg7
10.h4 h6 11.Nh3 hxg5 12.hxg5 Bd7 13.Qb3 b6 14.a4 a5 15.Nb5 Nc8 16.Nf2 Rxh1
17.Nxh1 f4 18.Bd2 Na7 19.Nf2 Nxb5 20.axb5 Qxg5 21.Qd1 Rc8 22.Ke2 Nf6 23.Kd3 Qh5
24.Be2 Kf7 25.Qg1 Rh8 26.Qg2 Qh2 27.Rg1 Qxg2 28.Rxg2 Nh5 29.Rh2 Ng3 30.Rxh8 Bxh8
31.Bd1 Bf6 32.b4 axb4 33.Bxb4 Bh4 34.Ng4 Nh5 35.Ke2 Bxg4 36.fxg4 Nf6 37.Kf3 Kg7
38.c5 dxc5 39.Bc3 Nd7 40.Be2 Kf6 41.Bf1 Bg5 42.Bh3 Ke7 43.Ke2 Kd6 44.Kf3 Nf6
45.Bf1 Bh4 46.Bd3 Nh7 47.Bc2 Ng5+ 48.Kg2 Nf7 49.Kf3 Bf6 50.Be1 Ke7 51.Bf2 Kf8
52.Be1 Be7  0-1

[Event "San Mateo rapid"]
[Site "San Mateo"]
[Date "1989.??.??"]
[Round "?"]
[White "Kotliar, Mark"]
[Black "Seirawan, Yasser"]
[Result "0-1"]
[WhiteElo "2270"]
[BlackElo "2610"]

1.Nf3 Nf6 2.c4 c5 3.Nc3 b6 4.g3 Bb7 5.Bg2 Nc6 6.O-O e6 7.b3 Be7 8.d4 Nxd4
9.Nxd4 Bxg2 10.Kxg2 cxd4 11.Qxd4 O-O 12.Rd1 Qc7 13.Bb2 Rfd8 14.f3 a6 15.Rac1 d6
16.e4 Qb7 17.Rd2 Ne8 18.a4 Bg5 19.f4 Bf6 20.Qe3 Bxc3 21.Bxc3 b5 22.a5 bxc4
23.bxc4 Rdc8 24.Rb2 Qc7 25.Bb4 Rab8 26.c5 dxc5 27.Rxc5 Qxc5 28.Bxc5 Rxb2+
29.Kh3 Nf6 30.Qd3 h5 31.Bd4 Ng4 32.Kh4 Rxh2+ 33.Kg5 Rd8 34.e5 Nf2 35.Qe3 Nh3+
36.Kxh5 Nxf4+ 37.Kg4 Ng6 38.Kf3 Ne7 39.Bc5 Nf5 40.Qb3 Rhd2 41.Qb6 R8d3+ 42.Kf4 Nxg3
43.Qb8+ Kh7 44.Qb1 Nf5 45.Qh1+ Kg8 46.Qa8+ Kh7 47.Qxa6 Rc3 48.Qb5 Rd5 49.Qe8 Rcxc5
50.a6 Rd3 51.Qxf7 Rc4+ 52.Kg5 Rg3+ 53.Kh5 Rh4+  0-1

[Event "Haninge"]
[Site "Haninge"]
[Date "1990.??.??"]
[Round "2"]
[White "Seirawan, Yasser"]
[Black "Karpov, Anatoly"]
[Result "1-0"]
[WhiteElo "2595"]
[BlackElo "2730"]

1.c4 e5 2.g3 g6 3.d4 d6 4.dxe5 dxe5 5.Qxd8+ Kxd8 6.Nc3 c6 7.f4 Be6 8.Nf3 Bxc4
9.Bh3 f5 10.b3 Bb4 11.Bb2 Bd5 12.e4 fxe4 13.O-O-O Bxc3 14.Bxc3 exf3 15.Bxe5 Nd7
16.Bxh8 Ne7 17.Rhf1 Nf5 18.Bd4 h5 19.g4 hxg4 20.Bxg4 Nh4 21.Bf2 Ng2 22.Bg1 Nh4
23.h3 Kc7 24.Bh2 Nf6 25.f5+ Kb6 26.fxg6 Nxg4 27.hxg4 Rg8 28.Rd4 a5 29.g5 Nxg6
30.Kd2 Rf8 31.Bg1 Ka6 32.Bf2 Rf5 33.Rg4 Ne5 34.Rg3 Ng6 35.Rh1 Re5 36.Re1 Rf5  1-0

[Event "Haninge"]
[Site "Haninge"]
[Date "1990.??.??"]
[Round "4"]
[White "Seirawan, Yasser"]
[Black "Sax, Gyula"]
[Result "1-0"]
[WhiteElo "2595"]
[BlackElo "2605"]

1.c4 c5 2.g3 g6 3.Bg2 Bg7 4.Nc3 Nc6 5.a3 b6 6.b4 cxb4 7.axb4 Bb7 8.Rb1 Qc8
9.Nd5 e6 10.Ne3 Ne5 11.Bb2 Bxg2 12.Nxg2 Qc6 13.Bxe5 Bxe5 14.Nf3 Bg7 15.Ne3 Ne7
16.b5 Qc7 17.O-O O-O 18.Rb4 a5 19.bxa6 Rxa6 20.Ra4 Ra5 21.Rb4 Nc6 22.Rb3 Nd4
23.Nxd4 Bxd4 24.Nc2 Bg7 25.d3 d5 26.cxd5 Rxd5 27.Ne3 Ra5 28.Nc4 Ra1 29.Rb1 Rfa8
30.Qb3 R1a6 31.Nxb6 Rb8 32.Nd5 Rxb3 33.Nxc7 Rab6 34.Rxb3 Rxb3 35.Rc1 Rb2
36.e3 Bf8 37.Ne8 Bb4 38.Kf1 Kf8 39.Nf6 Kg7 40.Ne4 Rb3 41.d4 h6 42.Rc7 Rb1+
43.Kg2 Bf8 44.h4 Rb8 45.g4 Re8 46.g5 Be7 47.Kf3 h5 48.Nd2 Kf8 49.Nc4 f6 50.Ke4 e5
51.gxf6 Bxf6 52.Nxe5 Bxh4 53.f4 g5 54.Rh7  1-0

[Event "Haninge"]
[Site "Haninge"]
[Date "1990.??.??"]
[Round "7"]
[White "Seirawan, Yasser"]
[Black "Ehlvest, Jaan"]
[Result "1/2-1/2"]
[WhiteElo "2595"]
[BlackElo "2620"]

1.c4 Nf6 2.Nc3 e5 3.Nf3 Nc6 4.e3 Be7 5.d4 exd4 6.Nxd4 O-O 7.Be2 Re8 8.O-O Nxd4
9.Qxd4 Bd6 10.f4 Qe7 11.Bf3 Bc5 12.Qd3 d6 13.Kh1 c6 14.h3 Bb4 15.Bd2 Bxc3
16.Bxc3 Ne4  1/2-1/2

[Event "Haninge"]
[Site "Haninge"]
[Date "1990.??.??"]
[Round "9"]
[White "Seirawan, Yasser"]
[Black "Andersson, Ulf"]
[Result "1/2-1/2"]
[WhiteElo "2595"]
[BlackElo "2630"]

1.d4 Nf6 2.c4 e6 3.Nc3 d5 4.Nf3 Nbd7 5.Bg5 h6 6.Bh4 Be7 7.e3 Ne4 8.Bxe7 Qxe7
9.cxd5 Nxc3 10.bxc3 exd5 11.c4 Nf6 12.cxd5 Nxd5 13.Bc4 Be6 14.Qb3 c6 15.O-O O-O
16.Rfe1 Rac8 17.e4 Nf4 18.Bxe6 Nxe6 19.d5 Nc5 20.Qa3 cxd5 21.exd5 Qd6 22.Rad1 a6
23.Nd4 g6 24.Nc2 Rfd8 25.Ne3 b5 26.Rc1 Ne4 27.Qxd6 Nxd6 28.Kf1 Kf8 29.Ke2 b4
30.Kd3 a5 31.Rc6 Rb8 32.Rc5 a4 33.Rb1 Re8 34.f3 b3 35.axb3 Rxb3+ 36.Rxb3 axb3
37.Rc1 Rb8 38.Rb1 Ke7 39.Kc3 Nb5+ 40.Kd3 Na3 41.Rb2 Kd6 42.Nc4+ Nxc4 43.Kxc4 Rc8+
44.Kd3 Ra8 45.Kc4 h5 46.Kxb3 Kxd5 47.Kc3 h4 48.Kd3  1/2-1/2

[Event "Haninge"]
[Site "Haninge"]
[Date "1990.??.??"]
[Round "10"]
[White "Hellers, Ferdinand"]
[Black "Seirawan, Yasser"]
[Result "1/2-1/2"]
[WhiteElo "2525"]
[BlackElo "2595"]

1.e4 d6 2.d4 g6 3.Nc3 Bg7 4.f4 Nf6 5.Nf3 c5 6.Bb5+ Bd7 7.e5 Ng4 8.e6 fxe6
9.Ng5 Bxb5 10.Nxb5 Qa5+ 11.c3 Qxb5 12.Nxe6 Na6 13.Nxg7+ Kf7 14.Ne6 Nf6 15.Ng5+ Kg7
16.b3 cxd4 17.Ne6+ Kf7 18.Nxd4 Qc5 19.Qf3 Qd5 20.Qxd5+ Nxd5 21.c4 Ndb4 22.O-O Nc6
23.Nxc6 bxc6 24.f5 Nc7 25.Bb2 Rhf8 26.Rae1 e6 27.Ba3 c5 28.Rd1 exf5 29.Rxd6 Ne6
30.Rd7+ Kg8 31.Re1 Rfe8 32.Re5 Rac8 33.Rxa7 Nf4 34.Ree7 Rxe7 35.Rxe7 Ra8
36.Bxc5 Rxa2 37.Bd6 Nd3 38.h3 f4 39.c5 Rc2 40.Rc7 Rc1+ 41.Kh2 Rc2 42.Kg1 Rc1+
43.Kh2 g5 44.Re7 Rc2 45.Kg1 Rc1+ 46.Kh2 Rc2 47.Kg1 Rc1+ 48.Kh2  1/2-1/2

[Event "KRO m"]
[Site "Hilversum"]
[Date "1990.??.??"]
[Round "1"]
[White "Seirawan, Yasser"]
[Black "Timman, Jan H"]
[Result "1/2-1/2"]
[WhiteElo "2635"]
[BlackElo "2660"]

1.d4 Nf6 2.c4 e6 3.Nf3 b6 4.Nc3 Bb4 5.Qb3 c5 6.a3 Ba5 7.e3 O-O 8.Be2 Ne4
9.d5 Bxc3+ 10.bxc3 Ba6 11.Bb2 Qe7 12.Rd1 Re8 13.Bd3 Nd6 14.Qc2 e5 15.Nd2 e4
16.Be2 Nf5 17.O-O d6 18.Nxe4 Qxe4 19.Bd3 Nxe3 20.fxe3 Qxe3+ 21.Rf2 g6 22.Bc1 Qe7
23.Rdf1 Nd7 24.Rxf7 Qxf7 25.Rxf7 Kxf7 26.Bf4 Ne5 27.Bxe5 dxe5 28.Be4 Bxc4
29.Qa4 b5 30.Qa5 a6 31.d6 Rad8 32.Qc7+ Kg8 33.d7 Rf8 34.h4 Be6 35.Qxe5 Kf7
36.Bc6 c4 37.Qd6 h5 38.Kh2 Rg8 39.Kg3 g5 40.hxg5 Rxg5+ 41.Kh2 Rf5 42.a4 bxa4
43.Bxa4 a5 44.Qd4 Ke7 45.Qe4 Rg8 46.Bc6 Kd6 47.Qd4+ Kxc6 48.d8=Q Rxd8 49.Qxd8 Rc5
50.Kg3 Rf5 51.Kh4 Rc5 52.Qe7 Bd7 53.Kg3 Rd5 54.Kf4 Kb5 55.Qe4 Bc6 56.Qb1+ Kc5
57.Qa2 Kb5 58.Qb2+ Kc5 59.g3 Rd3 60.Qa3+ Kb6 61.Qb2+ Kc5  1/2-1/2

[Event "KRO m"]
[Site "Hilversum"]
[Date "1990.??.??"]
[Round "2"]
[White "Timman, Jan H"]
[Black "Seirawan, Yasser"]
[Result "1-0"]
[WhiteElo "2660"]
[BlackElo "2635"]

1.e4 c6 2.d4 d5 3.e5 Bf5 4.Nc3 e6 5.g4 Bg6 6.Nge2 c5 7.h4 h6 8.Be3 Qb6 9.f4 Nc6
10.f5 Bh7 11.Qd2 O-O-O 12.O-O-O c4 13.Nf4 Qa6 14.fxe6 b5 15.exf7 Nge7 16.Ne6 b4
17.Nxd8 Kxd8 18.a3 bxc3 19.Qxc3 Nc8 20.g5 Nb6 21.gxh6 gxh6 22.Bd2 Qa4 23.Kb1 a5
24.Rg1 Bb4 25.Rg8+ Rxg8 26.fxg8=Q+ Bxg8 27.Qf3 Nxd4 28.Qf6+ Kc7 29.Qg6 Bc5
30.Be3 Nxc2 31.Bxc5 Nxa3+ 32.Kc1 Nd7 33.Bxa3 c3 34.Qd6+ Kd8  1-0

[Event "KRO m"]
[Site "Hilversum"]
[Date "1990.??.??"]
[Round "3"]
[White "Seirawan, Yasser"]
[Black "Timman, Jan H"]
[Result "1-0"]
[WhiteElo "2635"]
[BlackElo "2660"]

1.d4 Nf6 2.c4 e6 3.Nf3 b6 4.Nc3 Bb4 5.Qb3 c5 6.a3 Ba5 7.Bg5 h6 8.Bh4 Nc6
9.O-O-O Bxc3 10.Qxc3 cxd4 11.Nxd4 Ne4 12.Qh3 Qc7 13.Nb5 Qe5 14.Qe3 f5 15.f4 Qb8
16.g4 O-O 17.Bg2 d5 18.gxf5 exf5 19.Bxe4 fxe4 20.cxd5 Ba6 21.Nc3 Na5 22.d6 Nc4
23.Qd4  1-0

[Event "KRO m"]
[Site "Hilversum"]
[Date "1990.??.??"]
[Round "5"]
[White "Seirawan, Yasser"]
[Black "Timman, Jan H"]
[Result "1-0"]
[WhiteElo "2635"]
[BlackElo "2660"]

1.d4 Nf6 2.c4 e6 3.Nf3 b6 4.Nc3 Bb4 5.Qb3 c5 6.a3 Ba5 7.Bg5 Nc6 8.O-O-O Bxc3
9.d5 exd5 10.cxd5 Be5 11.dxc6 Qe7 12.cxd7+ Bxd7 13.e3 Rd8 14.Rxd7 Rxd7 15.Bb5 Bd6
16.Rd1 O-O 17.Bxd7 Qxd7 18.Bf4 c4 19.Qc2 Ne8 20.Ng5 f5 21.Qxc4+ Kh8 22.Bxd6 Nxd6
23.Qd5 Rd8 24.Ne6 Qc8+ 25.Kb1 Rd7 26.Qxd6  1-0

[Event "KRO m"]
[Site "Hilversum"]
[Date "1990.??.??"]
[Round "6"]
[White "Timman, Jan H"]
[Black "Seirawan, Yasser"]
[Result "1/2-1/2"]
[WhiteElo "2660"]
[BlackElo "2635"]

1.d4 Nf6 2.Nf3 e6 3.g3 b5 4.Bg2 Bb7 5.O-O c5 6.c3 cxd4 7.cxd4 Be7 8.Bg5 O-O
9.Qd3 a6 10.Nbd2 Nc6 11.e4 h6 12.Bf4 Nb4 13.Qe2 Nh5 14.Be3 Nc2 15.Rac1 Nxe3
16.fxe3 Nf6 17.e5 Ne4 18.Nb3 Rc8 19.Rxc8 Qxc8 20.Ne1 f6 21.Nd3 fxe5 22.Rxf8+ Bxf8
23.Nxe5 Bd6 24.Ng4 Qa8 25.Nd2 Nxd2 26.Qxd2 h5 27.Ne5 Bxe5 28.dxe5 Bxg2 29.Qxg2 Qc8
30.Qd2 Qc6 31.Qd1 g6 32.Kf2 b4 33.Qd3 Kg7 34.h4 a5 35.a3 bxa3 36.bxa3 a4
37.e4 Kf7 38.Kf3 Kg7 39.g4 hxg4+ 40.Kxg4 Qc8 41.Qd6 Qc2 42.Qxd7+ Kh6 43.Kf3 Qc3+
44.Kg4 Qc2 45.Kf3 Qb3+ 46.Kg4 Qa2 47.Qd8 Qg2+ 48.Kf4 Qf2+ 49.Kg4 Qg2+ 50.Kf4 Qh2+
51.Kg4 Qg2+  1/2-1/2

[Event "New York op"]
[Site "New York"]
[Date "1990.??.??"]
[Round "1"]
[White "Seirawan, Yasser"]
[Black "Henley, Ron W"]
[Result "1-0"]
[WhiteElo "2595"]
[BlackElo "2490"]

1.d4 Nf6 2.c4 e6 3.Nc3 Bb4 4.Qc2 O-O 5.a3 Bxc3+ 6.Qxc3 d6 7.g3 e5 8.dxe5 dxe5
9.Bg2 Re8 10.Be3 a5 11.Nf3 Qe7 12.O-O Nc6 13.b3 Bf5 14.h3 Be4 15.Rfd1 Rad8
16.Qb2 h6 17.Rxd8 Rxd8 18.Bd2 Qe6 19.Bc3 Re8 20.Kh2 b6 21.Rc1 Bh7 22.b4 axb4
23.axb4 Ne4 24.Be1 Nd6 25.b5 Nd4 26.Nxd4 exd4 27.Bf1 Nf5 28.Bd2 Qd6 29.Qb4 g5
30.c5 Qd5 31.cxb6 cxb6 32.Rc6 d3 33.exd3 Nd4 34.Bg2 Nf3+ 35.Bxf3 Qxf3 36.Qd4 Bxd3
37.Bc3 Kf8 38.Qg7+ Ke7 39.Bb4+ Kd7 40.Qd4+  1-0

[Event "New York op"]
[Site "New York"]
[Date "1990.??.??"]
[Round "2"]
[White "Ivanov, Alexander"]
[Black "Seirawan, Yasser"]
[Result "1/2-1/2"]
[WhiteElo "2520"]
[BlackElo "2595"]

1.e4 d6 2.d4 g6 3.Nc3 Bg7 4.Be3 a6 5.h4 h5 6.Qd2 Nf6 7.f3 b5 8.Nh3 Nbd7 9.Ng5 Bb7
10.a4 b4 11.Nd1 a5 12.c3 bxc3 13.bxc3 O-O 14.Bd3 c6 15.Nf2 e5 16.Rb1 Qc7
17.O-O d5 18.f4 exd4 19.Bxd4 dxe4 20.Nfxe4 c5 21.Nxf6+ Nxf6 22.Be5 Qd7 23.Qc2 Ng4
24.Bc4 Bd5 25.Rfd1 Ne3 26.Rxd5 Qxd5 27.Bxd5 Nxc2 28.Rb7 Bxe5 29.fxe5 Ne3
30.Bxf7+ Rxf7 31.Rxf7 Re8 32.Rf6 Kg7 33.Rf7+ Kg8 34.Rf6 Kg7 35.Ne6+ Kh7 36.Nf8+ Kg7
37.Nxg6 Nd5 38.Rc6 Nxc3 39.Nf4 Rxe5 40.Rxc5 Rxc5 41.Ne6+ Kf6 42.Nxc5 Kf5
43.g3 Kg4 44.Kh2 Ne2 45.Ne4 Kf3 46.Nd2+ Kg4 47.Nc4 Nxg3 48.Nxa5 Nf1+ 49.Kg2 Ne3+
50.Kh2  1/2-1/2

[Event "New York op"]
[Site "New York"]
[Date "1990.??.??"]
[Round "4"]
[White "Wolff, Patrick G"]
[Black "Seirawan, Yasser"]
[Result "1/2-1/2"]
[WhiteElo "2500"]
[BlackElo "2595"]

1.e4 d6 2.d4 g6 3.Nf3 Nf6 4.Nc3 Bg7 5.Be2 O-O 6.O-O Bg4 7.Be3 Nc6 8.d5 Bxf3
9.Bxf3 Ne5 10.Be2 c6 11.a4 Qa5 12.Ra3 Ned7 13.Qd2 Rfb8 14.Rd1 Nc5 15.f3 Qb4
16.a5 cxd5 17.exd5 b6 18.Nb5 Qxd2 19.Rxd2 a6 20.Nc7 Ra7 21.Nxa6 Rxa6 22.Bxa6 Nxa6
23.axb6 Nc5 24.Bxc5 dxc5 25.d6 exd6 26.Rxd6 Ne8 27.Rc6 Bxb2 28.Rb3 Bd4+ 29.Kf1 Rb7
30.c3 c4 31.Rb4 Bxc3 32.Rbxc4 Bf6 33.Ra4 Rb8 34.Rb4 Be7 35.Rd4 Kf8 36.Rd7 Nf6
37.Ra7 Ke8 38.Rac7 Nd5 39.Rc8+ Kd7 40.Rxb8 Kxc6 41.b7 Kc7 42.Rh8 Kxb7 43.Rxh7 f5
44.f4 Kc6 45.Rg7 Bd6 46.Rxg6 Nxf4 47.Rg8 Kd7 48.g3 Nd5 49.Kf2  1/2-1/2

[Event "New York op"]
[Site "New York"]
[Date "1990.??.??"]
[Round "6"]
[White "Geller, Efim P"]
[Black "Seirawan, Yasser"]
[Result "1/2-1/2"]
[WhiteElo "2515"]
[BlackElo "2595"]

1.e4 c6 2.d4 d5 3.Nd2 dxe4 4.Nxe4 Nf6 5.Nxf6+ exf6 6.Bc4 Qe7+ 7.Qe2 Be6 8.Bb3 Na6
9.Be3 Nb4 10.Nf3 Bxb3 11.axb3 Qe4 12.Rc1 Bd6 13.Bd2  1/2-1/2

[Event "New York op"]
[Site "New York"]
[Date "1990.??.??"]
[Round "7"]
[White "Seirawan, Yasser"]
[Black "Orlov, Georgi"]
[Result "1/2-1/2"]
[WhiteElo "2595"]
[BlackElo "2505"]

1.d4 Nf6 2.c4 e6 3.Nf3 d5 4.Nc3 Nbd7 5.Bg5 Be7 6.Qc2 h6 7.Bh4 c5 8.dxc5 Qa5
9.e3 Nxc5 10.Nd2 Nce4 11.Nb3 Qc7 12.Nxe4 Nxe4 13.Bxe7 Qxe7 14.cxd5 exd5 15.Bb5+ Bd7
16.Bxd7+ Qxd7 17.O-O Rc8 18.Qd3 O-O 19.Rfd1 Rfd8 20.Qe2 Nf6 21.Rd2 a6 22.Nd4 Kf8
23.a3 Qg4 24.Qe1 Kg8 25.Rad1 Re8 26.h3 Qd7 27.Ne2 Qb5 28.Nc3 Qb3 29.Qe2 Ne4
30.Nxe4 dxe4 31.Rd7 b5 32.R1d5 Rf8 33.Kh2 Rc2 34.Rd2 Rfc8 35.Qg4 Rxd2 36.Rxd2 Re8
37.Qd7 Qe6 38.Qxe6 Rxe6 39.Kg3 Rg6+ 40.Kh2 Rc6 41.g4 g5 42.Kg3 Kg7 43.Rd4 Rc2
44.b3 Rb2 45.Rb4 Rb1 46.a4 bxa4 47.Rxa4 Rxb3 48.Rxe4 Ra3 49.h4 a5 50.Re5 Kg6
51.Rb5 a4 52.Ra5 Ra2 53.Ra6+ Kg7 54.hxg5 hxg5 55.f4 gxf4+ 56.exf4 a3 57.g5 f5
58.gxf6+ Kg6 59.Kg4 Ra1 60.f7+ Kxf7 61.Kf5 a2 62.Ra7+ Ke8 63.Kf6 Rf1 64.Rxa2 Rxf4+  1/2-1/2

[Event "New York op"]
[Site "New York"]
[Date "1990.??.??"]
[Round "8"]
[White "Byrne, Robert E"]
[Black "Seirawan, Yasser"]
[Result "1/2-1/2"]
[WhiteElo "2460"]
[BlackElo "2595"]

1.e4 c6 2.d4 d5 3.Nd2 dxe4 4.Nxe4 Nf6 5.Nxf6+ exf6 6.Bc4 Qe7+ 7.Qe2 Be6 8.Bxe6 Qxe6
9.Bd2 Na6 10.O-O-O O-O-O 11.Qxe6+ fxe6 12.Nf3 Nc7  1/2-1/2

[Event "New York op"]
[Site "New York"]
[Date "1990.??.??"]
[Round "9"]
[White "Seirawan, Yasser"]
[Black "Wessman, Richard"]
[Result "1-0"]
[WhiteElo "2595"]
[BlackElo "2505"]

1.d4 Nf6 2.c4 e5 3.dxe5 Ng4 4.Bf4 Nc6 5.Nf3 Bb4+ 6.Nc3 Qe7 7.Qd5 f6 8.exf6 Bxc3+
9.bxc3 Nxf6 10.Qd3 d6 11.g3 O-O 12.Bg2 Ne4 13.O-O Nc5 14.Qe3 Be6 15.Nd4 Bxc4
16.Nxc6 Qxe3 17.Bxe3 bxc6 18.Bxc6 Rab8 19.Rfb1 Bxe2 20.Bd5+ Kh8 21.Bxc5 dxc5
22.Rxb8 Rxb8 23.Re1 Bg4 24.f3 Bd7 25.Re7 Rd8 26.Kf2 g6 27.Bc4 Bf5 28.Ke3 Rd7
29.Rxd7 Bxd7 30.Ke4 Bc6+ 31.Bd5 Bd7 32.Ke5 Kg7 33.a3 Be8 34.f4 Bd7 35.Be6 Bc6
36.g4 Bf3 37.f5 g5 38.f6+ Kg6 39.Bd7 Kh6 40.Ke6 Bxg4+ 41.Ke7 Bh5 42.h3  1-0

[Event "Novi Sad ol (Men)"]
[Site "Novi Sad"]
[Date "1990.??.??"]
[Round "1"]
[White "Seirawan, Yasser"]
[Black "Kortschnoj, Viktor"]
[Result "1/2-1/2"]
[WhiteElo "2635"]
[BlackElo "2630"]

1.d4 Nf6 2.c4 e6 3.Nc3 Bb4 4.Qc2 c5 5.dxc5 Na6 6.a3 Qa5 7.Bd2 Nxc5 8.Rc1 Bxc3
9.Bxc3 Qa4 10.b4 Qxc2 11.Rxc2 Na4 12.Bxf6 gxf6 13.e4 a5 14.Bd3 Rg8 15.Ne2 Rxg2
16.Ng3 axb4 17.axb4 Nc5 18.Bf1 Nd3+ 19.Bxd3 Rxg3 20.hxg3 Ra1+ 21.Kd2 Rxh1
22.Ra2 d6 23.Ra8 Kd7 24.Bc2 Rf1  1/2-1/2

[Event "Novi Sad ol (Men)"]
[Site "Novi Sad"]
[Date "1990.??.??"]
[Round "5"]
[White "Seirawan, Yasser"]
[Black "Huebner, Robert"]
[Result "1/2-1/2"]
[WhiteElo "2635"]
[BlackElo "2585"]

1.d4 Nf6 2.c4 e6 3.Nc3 Bb4 4.Qc2 c5 5.dxc5 Bxc5 6.Nf3 Nc6 7.Bg5 Qa5 8.a3 Nd4
9.Nxd4 Bxd4 10.Bd2 Qb6 11.e3 Be5 12.f4 Bxc3 13.Qxc3 d6 14.Qd4 Qxd4 15.exd4 b6
16.Be2 Bb7 17.Bf3 Bxf3 18.gxf3 Kd7 19.Ke2 Rhc8 20.Rhc1 a5 21.a4 Ng8 22.Ra3 Ne7
23.Rb3 Rab8 24.Rb5 d5 25.c5 Nf5 26.Kd3 bxc5 27.Rcxc5 Nd6 28.Rxb8 Rxb8 29.Bc3 Nc4
30.Kc2 g6 31.b3 Ne3+ 32.Kb2 Nd1+ 33.Kc2 Ne3+ 34.Kb2 Nd1+ 35.Kc2  1/2-1/2